Т. 71, № 5; Журнал аналитической химии

Bibliographische Detailangaben
Parent link:Журнал аналитической химии/ Российская академия наук (РАН), Отделение химии и наук о материалах РАН. Т. 71, № 5.— , 1947-
Sprache:Russisch
Veröffentlicht: 2016
Format: MixedMaterials Buch
KOHA link:https://koha.lib.tpu.ru/cgi-bin/koha/opac-detail.pl?biblionumber=563714

MARC

LEADER 00000nam2a2200000 4500
001 563714
005 20231101123522.0
035 |a (RuTPU)RU\TPU\prd\259370 
090 |a 563714 
100 |a 20160617a19469999k y0rusy50 ca 
101 0 |a rus 
102 |a RU 
200 0 |a Т. 71, № 5 
210 |d 2016 
461 1 |0 (RuTPU)RU\TPU\prd\156  |t Журнал аналитической химии  |f Российская академия наук (РАН), Отделение химии и наук о материалах РАН  |v Т. 71, № 5  |d 1947- 
801 0 |a RU  |b 63413507  |c 20010227  |g PSBO 
801 1 |a RU  |b 63413507  |c 20160617 
801 2 |a RU  |b 63413507  |c 20230410  |g RCR 
942 |c BK 
999 |a НТБ_ТПУ  |b НФ  |e -1/20160111  |p П-5458  |s 6/20151117  |u 0,00  |v 1